000 00748nam a2200217 a 4500
001 000024916
003 DO-SdBNP
005 20220331115145.0
007 ta
008 110208s2000 dr 000 0 spa d
040 _aDO-SdBNP
_bspa
_cBNPHU
049 _aBNPD
082 4 _bR426c
_222
110 2 _aRepública Dominicana
_bSecretaría de Estado de Relaciones Exteriores
_92256
245 1 0 _aCrónica de una transformación :
_buna nueva cancillería para los nuevos tiempos 1996-2000.
260 _aSanto Domingo :
_bSecretaría de Estado de Relaciones Exteriores,
_c2000.
300 _a270 p. ;
_c24 cm.
500 _aIncluye referencias bibliográficas y notas al pie de las páginas
590 _aInventariado, 2022/BT
942 _2ddc
_cLBS1
999 _c24409
_d24409